01004nam a2200241 a 450000100100000000500170001000800410002702000150006804000250008308200150010824501810012326000410030430000210034549000320036670000380039870000330043670000470046970000380051670000390055483000390059395201130063299900170074500003643320200930075729.0120117s2003 ag 000 0 spa d a9500723786 aDO-SdBNPbspacBNPHU axxxxbN96400aNuevos narradores alemanes. /cVerena Auffermann, compiladora; traducción de Gabriela Adamo, Martina Fernández Polcuch y Nicolás Gelormini; prólogo por Silvia Fehrmann. aBuenos Aires :bSudamericana,c2003. a218 p. ;c22 cm.1 aNarrativas contemporáneas1 aAuffermann, Verena,ecomp.9626491 aAdamo, Gabriela,etr.9626501 aFernández Polcuch, Martina ,etr.9626511 aGelormini, Nicolás,etr.9626521 aFehrmann, Silvia ,epról.962653 0aNarrativas contemporáneas961415 001050718MOaGRbGRcCTd2012-01-17iLF1l0oxxxx N964p36434-10r2020-06-25w2020-06-25y1ZNo se presta c35924d35924